| 000 | 02427cam a2200565 4500 | ||
|---|---|---|---|
| 001 | L128485 | ||
| 002 | 7917 | ||
| 008 | 050110n2004 000 0 eng u | ||
| 020 | _a0415308623 | ||
| 035 | _a(Sirsi) u128485 | ||
| 041 | _aeng | ||
| 050 |
_a692.2 _c18 |
||
| 100 | _aStephenson, John | ||
| 245 |
_aBuilding regulations explained _b2004 edition |
||
| 250 | _a7th ed. | ||
| 260 |
_aLondon _bSpon Press _c2004 |
||
| 300 |
_axvi, 661p. _bill. _c31cm. |
||
| 350 | _a75 | ||
| 505 | _aThe development of building control | ||
| 505 | _aControl of building work | ||
| 505 | _aApplication of Building Regulations to Inner London | ||
| 505 | _aRelaxation of Building Regulations | ||
| 505 | _aExempt buildings and works | ||
| 505 | _aNotices and plans | ||
| 505 | _aApproved inspectors | ||
| 505 | _aWork undertaken by public bodies | ||
| 505 | _aMaterials and workmanship | ||
| 505 | _aStructure: Approved Document A | ||
| 505 | _aFire safety: Approved Document B | ||
| 505 | _aStie preparation and resistance to moisture: Approved Document C | ||
| 505 | _aToxic substances: Approved Document D | ||
| 505 | _aResistance to passage of sound: Approved Document E | ||
| 505 | _aVentilation and condensation: Approved Document F | ||
| 505 | _aHygiene: Approved Document G | ||
| 505 | _aCombustion appliances and fuel storage systems: Approved Document J | ||
| 505 | _aProtection from falling, collision and impact: Approved Document K | ||
| 505 | _aConservation of fuel and power: Approved Document L1 and L2 | ||
| 505 | _aAccess to and use of buildings: Approved Document M | ||
| 505 | _aGlazing - safety in relation to impact, opening and cleaning: Approved Document N | ||
| 505 | _aOther Approved Documents | ||
| 520 | _aThe seventh edition of this comprehensive text on the Building Regulations takes into account all key aspects of building control. Includes important revisions to Approved Documents B, E, H, J, L1, L2, M and an outline of the draft proposal for the future Approved Document P. Annexes include sources of information, relevant legislation and checklists. | ||
| 650 | _aBUILDING REGULATIONS 2000 | ||
| 650 |
_aBUILDING CONTROL _96222 |
||
| 650 | _aAPPROVED INSPECTORS | ||
| 650 | _aBUILDING WORKS | ||
| 690 | _aBUILT ENVIRONMENT-BUILDING STANDARDS | ||
| 700 | _aFoulger, Robert | ||
| 710 |
_aLondon District Surveyors Association _9949 |
||
| 942 | _n0 | ||
| 999 |
_c103927 _d103927 |
||